• 首页
  • 本馆介绍
  • 公告通知
  • 最新文献
  • 馆藏检索
  • 电子资源
  • 读者导购
  • 参考咨询
  • 我的图书馆
  • 登录
  • 详细信息显示
  • 放入我的书架
  • 预约/预借图书
  • 作者相关作品
  • 分类相关作品
  • 丛书相关作品
  • 出版社相关作品

书目信息

  • 表格格式
  • 工作单格式
  • 卡片格式
题名:
《反杜林论》哲学编疑难问题解
    
 
作者: ;全国反杜林论研究会 编
分册:  
出版信息: 哈尔滨   黑龙江人民出版社  1984
页数: 185页
开本: 19cm
丛书名:
单 册:
中图分类: A811.24 , A81
科图分类:
主题词: 马克思主义哲学--研究
电子资源:
ISBN:
000 00780nam0 2200265 45
001 1257347797
005 20090929162524.12
010    @dCNY0.60
091    @aCN@b2093.36
100    @a19950627d1984 emky0chiy0121 ea
101 0  @achi
102    @aCN@b230000
105    @ay z 000yy
200 12 @a《反杜林论》哲学编疑难问题解@A《 fan du lin lun》 zhe xue bian yi nan wen ti jie@f全国反杜林论研究会编
210    @a哈尔滨@c黑龙江人民出版社@d1984
215    @a185页@d19cm
605    @a反杜林论-恩格斯著作研究
605    @a恩格斯著作研究-反杜林论
606 0  @a马克思主义哲学@x研究
690    @aA811.24@v3
690    @aA81@v4
711 02 @a全国反杜林论研究会@Aquan guo fan du lin lun yan jiu hui@4编
801  0 @aCN@bTSSF
801  2 @aCN@bNLC
905    @a10447@dA81@eJY13
    
    《反杜林论》哲学编疑难问题解/全国反杜林论研究会编.-哈尔滨:黑龙江人民出版社,1984
    185页;19cm
    
    
    ISBN :CNY0.60
    
●
相关链接 在E读中查询图书 在五车中查询图书 在当当中查询图书 在豆瓣中查询图书


正题名:《反杜林论》哲学编疑难问题解     索取号:A81/JY13         预约/预借

序号 登录号 条形码 馆藏地/架位号 状态 备注
1 7809450   278094508   学院路分馆/ [索取号:A81/JY13] 在馆    
2 7809451   278094517   学院路分馆/ [索取号:A81/JY13] 在馆    
唐山师范学院图书馆 欢迎您!
大连网信软件有限公司© 版权所有